000 02443nam0a2200397 4500
001 RU\NLR\DIGIT\72503
005 20260408064841.0
035 _a(NLR Aleph) 010135748
035 _aRU\NLR\A1\UKAZ\4399
090 _a10033246
_c10033246
100 _a20251214 rusy50
101 0 _arus
102 _aRU
135 _acrbn 001aaaba
200 1 _aУказ ея императорского величества, самодержицы всероссиискои.
_e[О поставке провианта в казенные магазины]
_eИз Генералного Крикс камисариата, обьявляется во всенародное известие.
210 _aПечатан в Москве
_cПри Сенате
_d28 янв. 1732
215 _a[1] л.
_d
304 _aТекст начинается словами: Понеже по ея императорского величества указу, и по определению Генералного Крикс камисариата, велено в нижеписанные магазеины...
306 _aВых. дан указаны под М.П.
325 _aКопия доступна в Электрон. б-ке РНБ http://vivaldi.nlr.ru/lk000003780/view
517 1 _aПонеже по ея императорского величества указу, и по определению Генералного Крикс камисариата, велено в нижеписанные магазеины...
610 _aРоссия. Законы и постановления
620 _dМосква
702 0 _4570
_8rus
_7ca
_aАнна Ивановна
_cимператрица российская
_f1693-1740
_3RU\NLR\AUTH\7713835
_9123517
710 0 1 _aРоссия
_bИмператрица
_c1730-1740; Анна Ивановна
_3RU\NLR\AUTH\8810042737
_9584917
712 0 2 _aСенатская типография
_cМосква
_4610
801 0 _aRU
_bNLR
_c20030131
852 _aNLR
_c18.121.2.38-5
856 0 _uhttp://vivaldi.nlr.ru/lk000003780/view
856 1 _uhttp://vivaldi.nlr.ru/lk000003780/cover
856 2 _uhttp://vivaldi.nlr.ru/lk000003780/text
942 _cBOOK
980 _aNB
981 3 6 _a(36) Цифровой репозиторий РНБ
981 1 6 _a(16) Законодательные акты Российской империи